Port Engineering Vol-1 : Harbor Planning, Breakwaters and Marine Terminals (Record no. 7962)

000 -LEADER
fixed length control field 00317nam a2200121Ia 4500
008 - FIXED-LENGTH DATA ELEMENTS--GENERAL INFORMATION
fixed length control field 201217s9999 xx 000 0 und d
100 ## - MAIN ENTRY--PERSONAL NAME
Personal name Bruun, Per
245 #0 - TITLE STATEMENT
Title Port Engineering Vol-1 : Harbor Planning, Breakwaters and Marine Terminals
260 ## - PUBLICATION, DISTRIBUTION, ETC.
Place of publication, distribution, etc. New York
Name of publisher, distributor, etc. ASCI
300 ## - PHYSICAL DESCRIPTION
Extent 1461
490 ## - SERIES STATEMENT
Volume/sequential designation Vol 1
942 ## - ADDED ENTRY ELEMENTS (KOHA)
Koha item type Books
Holdings
Withdrawn status Lost status Damaged status Not for loan Permanent Location Date acquired Full call number Barcode Date last seen Price effective from Koha item type
        IMU Kolkata 2020-12-17 627.2 B913 PM03203 2020-12-17 2020-12-17 Books
Designed and Maintained by IMU-KC Library, Kolkata Campus © Copyright All Rights Reserved

webs counters

Powered by Koha